000 00512nam a2200193 a 4500
001 18099
003 CO-ViMGA
008 141112s2004 ck r 000 u spa d
020 _a9587040155
040 _aCO-ViMGA
_bspa
_cCO-ViMGA
082 0 4 _aFINb
100 1 _aFine, Anne
_921476
245 1 0 _aBilly y el vestido rosa
260 _aBogotá,
_cAlfaguara,
_c2002
300 _a100.p.
590 _aForma de adquisición : Premio - Mincultura
650 1 4 _aCUENTOS INFANTILES INGLESES
_915884
942 _2ddc
_cBK
999 _c27475
_d27475